Normal view
MARC view
Entry Personal Name
001 - CONTROL NUMBER
- control field: 52946
003 - CONTROL NUMBER IDENTIFIER
- control field: dpl
005 - DATE AND TIME OF LATEST TRANSACTION
- control field: 20121008124109.0
008 - FIXED-LENGTH DATA ELEMENTS
- fixed length control field: 121008|||a|||||| | ||| d
040 ## - CATALOGING SOURCE
- Original cataloging agency: dpl
- Transcribing agency: dpl
100 ## - HEADING--PERSONAL NAME
- Personal name: ਗੁਰਦਿੱਤ ਸਿੰਘ ਕੰਗ
670 ## - SOURCE DATA FOUND
- Source citation: Work cat.: (dpl): 37323 ਗਿੱਲ, ਗੁਰਚਰਨ ਸਿੰਘ, ਜੱਟਾਂ ਦਾ ਪ੍ਰਾਚੀਨ ਇਤਿਹਾਸ : , 2011
670 ## - SOURCE DATA FOUND
- Source citation: Work cat.: (dpl): 37323 ਗਿੱਲ, ਗੁਰਚਰਨ ਸਿੰਘ, ਜੱਟਾਂ ਦਾ ਪ੍ਰਾਚੀਨ ਇਤਿਹਾਸ : , 2011
